00401cam a22001097a 4500008004000000082002000040245008100060260005000141300000800191500005100199700004100250180718b1959 xxu||||| |||| 00| 0 eng d aT112x42 1953-58 aPreliminary estimates of national incomecby Her Majesty's Stationery Office aLondonbHer Majesty's Stationery Officec1959 a13p aContents: Library has1953-58. 1955-60, 1964-69 aU.K. Her Majesty's Stationery Office